Biblioteca

Los escritos originales de la comunidad del discípulo "amigo" de Jesús : (Registro nro. 71005)

Detalles MARC
000 -LÍDER
Campo fijo de descripción fija 02458nam a2200373 i 4500
001 - NÚMERO DE CONTROL
Campo de control 768714001
003 - IDENTIFICADOR DEL NÚMERO DE CONTROL
Campo de control CO-MdFUSB
005 - FECHA Y HORA DE LA ULTIMA TRANSACCIÓN
control field 20260325100008.0
007 - CAMPO FIJO DE DESCRIPCIÓN FIJA--INFORMACIÓN GENERAL
Campo fijo de descripción fija ta
008 - ELEMENTOS DE LONGITUD FIJA -- INFORMACIÓN GENERAL
Campo fijo de descripción fija -- Información general 241001t1997 sp b|||| |||| 001 0 spa d
020 ## - NÚMERO INTERNACIONAL NORMALIZADO PARA LIBROS
Número Internacional Normalizado del libro 84-301-1321-5
040 ## - FUENTE DE CATALOGACIÓN
Idioma de catalogación spa.
Agencia de catalogación original CO-MdFUSB
Agencia que realiza la transcripción CO-MdFUSB
Agencia que realiza la modificación CO-MdFUSBC
Convenciones de la descripción rda
041 ## - CÓDIGO DE IDIOMA
Código de idioma para texto/pista de sonido o título separado spa
041 ## - CÓDIGO DE IDIOMA
Código de idioma para texto/pista de sonido o título separado grc
082 ## - NÚMERO DE CLASIFICACIÓN DECIMAL DEWEY
Número de la edición del Dewey 23
Número de clasificación 226.5
Clave de autor-Numero de item V649
100 ## - ASIENTO PRINCIPAL--NOMBRE PERSONAL
Nombre personal Vidal, Senen,
Término relacionador autor
245 14 - TÍTULO
Título del Material Los escritos originales de la comunidad del discípulo "amigo" de Jesús :
Parte restante del título - Subtitulo el evangelio y las cartas de Juan
Mención de responsabilidad, etc. / Senen Vidal
264 #1 - PRODUCCIÓN, PUBLICACIÓN, DISTRIBUCIÓN, MANUFACTURA, Y COPYRIGHT
Lugar de producción, publicación, distribución, manufactura Salamanca, España :
Nombre del productor, publicador, distribuidor Ediciones Sígueme,
Fecha de producción, publicación, distribución, manufactura, o copyright [1997]
264 #4 - PRODUCCIÓN, PUBLICACIÓN, DISTRIBUCIÓN, MANUFACTURA, Y COPYRIGHT
Fecha de producción, publicación, distribución, manufactura, o copyright ©1997
300 ## - DESCRIPCIÓN FÍSICA
Extensión 653 páginas
Otros detalles físicos : mapa
Dimensiones ; 22 cm
336 ## - TIPO DE CONTENIDO
Fuente rdacontent
Término de tipo de contenido texto
Código de tipo de contenido txt
337 ## - TIPO DE MEDIO
Fuente rdamedia
Nombre del tipo de medio sin mediación
Código del tipo de medio n
338 ## - TIPO DE SOPORTE
Fuente rdacarrier
Nombre del tipo de soporte volumen
Código Tipo de soporte nc
490 ## - MENCIÓN DE SERIE
Mención de serie Biblioteca de estudios bíblicos,
500 ## - NOTA GENERAL
Nota General Incluye índice, mapa de las comunidades juánicas
505 ## - NOTA DE CONTENIDO
Nota de contenido con formato preestablecido La formación de la literatura joánica. -- Las tradiciones básicas (TB). -- Las tradiciones sueltas (T). -- La colección de milagros (CM). -- El relato de la pasión (RP). -- El primer evangelio (E1). -- El evangelio transformado (E2). -- El evangelio glosado (E3). -- La evolución posterior del evangelio. -- Los cambios de orden. -- La añadidura posterior de 7,53-8,11. -- Los otros escritos joánicos (1-3 Jn). -- 1 Jn. -- 2 Jn. -- 3 Jn. -- La comunidad joánica. -- La «escuela» joánica. -- Los orígenes y la época antigua (30-70 d. C. aprox.). -- La expulsión del seno del judaísmo (70-80 d. C. aprox.). -- La gran transformación (80-fines del s. I d. C.). -- La división interna (fines del s. I comienzos del s. II d. C.). -- Algunas indicaciones. -- La presentación de los escritos. -- El texto griego y la traducción castellana. -- Las notas. -- El evangelio completo original. -- Las tradiciones básicas (TB). -- Textos de las tradiciones sueltas (T). -- Textos de la colección de milagros (CM). -- Textos del relato de la pasión (RP). -- El primer evangelio (E1). -- El evangelio transformado (E2). -- El evangelio glosado (E3). -- La evolución posterior del evangelio (E4). -- Los otros escritos joánicos (1-3 Jn). -- Textos de 1 Jn. -- Textos de 2 Jn. -- Textos de 3 Jn.
563 ## - NOTA DE ENCUADERNACIÓN
Nota de encuadernación Rústica
630 07 - TITULO UNIFORME
Título uniforme Biblia.
Nombre de parte o sección de la obra Juan
653 ## - TÉRMINO DE INDIZACIÓN - NO CONTROLADO
Término no controlado Literatura joánica
653 ## - TÉRMINO DE INDIZACIÓN - NO CONTROLADO
Término no controlado Comunidad joánica
942 ## - TIPO DE MATERIAL (KOHA)
Tipo de Item KOHA Libros General
945 ## - INFORMACIÓN LOCAL DEL REGISTRO
Catalogador Catherine Arias Alvarez
Existencias
Estado de Material Estado de Perdido Forma de Clasificación Volumen-Parte/Tomo Estado de Dañado No para Préstamo Colección Tomo Biblioteca de Origen Biblioteca Permanente Fecha de Adquisición Total de Préstamos Signatura Topográfica Código de Barras Última vez visto Ejemplar/Existencia Fecha de Remplazo Tipo de Material
    Dewey Decimal Classification       Colección General   Biblioteca FUSBC Biblioteca FUSBC 01/10/2024   G 226.5 V649e 25077 01/10/2024 Ej. 1 01/10/2024 Libros General

Biblioteca FUSBC | Teléfono: (57+4) 349 88 10 Ext. 141| WhatsApp (+57) 3005338115 
E-mail: biblioteca@unisbc.edu.co | Calle 76 87-14 Robledo Palenque, Medellín, Colombia

Con tecnología Koha